Giáo trình đọc báo tiếng Hán (Bộ mới, cao cấp)

Na minha lista:
Detalhes bibliográficos
Formato: Livro
Tags: Adicionar Tag
Sem tags, seja o primeiro a adicionar uma tag!
Thư viện lưu trữ: Mạng thư viện Đại học Đà Nẵng
LEADER 00433nam a22001691a 4500
001 000036825
003 13120
005 20160412014932.0
008 160412s0 000
082 |a 4H(07)243 
245 |a Giáo trình đọc báo tiếng Hán (Bộ mới, cao cấp) 
OWN |a LNN 
999 |a From the UDN01 
TYP |a Monograph 
980 |a Mạng thư viện Đại học Đà Nẵng